| 000 | 00510nam a2200169 4500 | ||
|---|---|---|---|
| 001 | 120242 | ||
| 003 | ES-MaACL | ||
| 005 | 20230906191509.0 | ||
| 007 | t| | ||
| 008 | 070214s1970 sp r ||||1| spa d | ||
| 100 | 1 |
_aPirandello, Luigi. _992338 |
|
| 245 | 1 | 0 |
_aUno, ninguno y cien mil / _cLuigi Pirandello ; [traducción de José Miguel Velloso]. |
| 260 |
_aMadrid : _bGuadarrama, _c1970. |
||
| 300 |
_a305 p. ; _c18 cm. |
||
| 700 | 1 |
_aVelloso, José Miguel. _9113857 |
|
| 852 |
_aES-MaACL _jC-40657 _bR.72444 |
||
| 999 |
_c120242 _d120242 |
||